Sports Quiz

Random Sports or Basketball Quiz

Top 50 NBA Players of the 21st Century Quiz Stats

 Plays Quiz not verified by Sporcle

Challenge
Share
Tweet
Embed
Score 0/50 Timer 10:00
0 Plays Today
Clubs % Correct
LakersKobe Bryant
97.8%
Cavaliers & HeatLebron James
97.4%
SpursTim Duncan
97.1%
Blazers, Pacers, Raptors, Heat, Celtics, Suns & WarriorsJermaine O'Neal
95.1%
Timberwolves, Celtics & NetsKevin Garnett
93.5%
Heat & BullsDwayne Wade
93.4%
MavericksDirk Nowitzki
92.3%
76'ers, Nuggets, Pistons & GrizzliesAllen Iverson
91.1%
Thunder & WarriorsKevin Durant
90.7%
Suns, Mavericks & LakersSteve Nash
89.7%
SpursTony Parker
89%
Celtics, Nets, Wizards & ClippersPaul Pierce
88.2%
Bucks, SuperSonics, Celtics & HeatRay Allen
87.6%
Nuggets & KnicksCarmelo Anthony
85.9%
Raptors, Nets, Magic, Suns, Mavericks & GrizzliesVince Carter
85.9%
Hornets & ClippersChris Paul
85.7%
Mavericks, Suns, Nets & KnicksJason Kidd
84.6%
Magic, Lakers, Rockets & HawksDwight Howard
84.5%
Raptors, Magic, Rockets, Knicks, Pistons, Hawks & SpursTracy McGrady
84.1%
Raptors & HeatChris Bosh
83.2%
Grizzlies, Lakers, Bulls & SpursPau Gasol
83.2%
SpursManu Ginobili
82.8%
WarriorsStephen Curry
81.3%
RocketsYao Ming
78.3%
Bulls & KnicksDerrick Rose
74.2%
Clubs % Correct
Suns, Knick, Mavericks & HeatAmar'e Stoudemire
71.7%
Celtics, Raptors, Nuggets, Timberwolves, Pistons, Knicks & ClippersChauncey Billups
70.9%
Bullets, Blazers, Hawks, Pistons, Celtics & KnicksRasheed Wallace
69.4%
Wizards, Magic, Pistons, Bulls & CavaliersBen Wallace
69.4%
Jazz, Nets & MavericksDeron Williams
68.7%
Celtics, Mavericks, Kings & BullsRajon Rondo
65.4%
Warriors, Wizards, Magic & GrizzliesGilbert Arenas
63.3%
Magic, Lakers, Heat, Suns, Cavaliers & CelticsShaquille ONeal
62.5%
Celtics, Suns, Hawks, Nets, Heat & JazzJoe Johnson
61.8%
Warriors, Wizards, Kings, 76'ers & PistonsChris Webber
61.3%
Suns, Heat, Raptors, Mavericks & CavaliersShawn Marion
60.9%
Bulls, Clippers, 76'ers, Mavericks & HawksElton Brand
58.9%
Wizards, Pistons & BullsRichard Hamilton
58%
Warriors, Mavericks, Wizards, Cavaliers, Lakers & ClippersAntawn Jamison
54.5%
Timberwolves, Nets, Suns, Knicks & CelticsStephon Marbury
53.2%
Blazers, Knicks, Clippers & GrizzliesZach Randolph
52.2%
Hornets, Warriors, Clippers, Cavaliers & KnicksBaron Davis
51.9%
Blazers & TimberwolvesBrandon Roy
51.4%
SuperSonics, Magic, Wizards & HeatRashard Lewis
49.3%
Bucks & SunsMichael Redd
47.9%
Rockets, Magic & KnicksSteve Francis
46.7%
Kings, Pacers, Hornets, Raptors & MavericksPeja Stojakovic
44.6%
Hawks, Mavericks, Celtics, Nets, Rockets & BucksJason Terry
40.8%
Grizzlies, Kings, Hawks, Wizards, Heat & KnicksMike Bibby
38.2%
Suns, Mavericks, Spurs & CelticsMichael Finley
37.5%

You're not logged in!

Compare scores with friends on all Sporcle quizzes.
Join for Free
OR
Log In

You Might Also Like...

Show Comments

Extras

Top Quizzes Today


Score Distribution

Your Account Isn't Verified!

In order to create a playlist on Sporcle, you need to verify the email address you used during registration. Go to your Sporcle Settings to finish the process.

Report this User

Report this user for behavior that violates our Community Guidelines.

Details: